000 00440nam a2200181Ia 4500
008 230725s1987 xx 000 0 und d
041 _aeng
082 _a615.4
_bCAR
100 _aCARTER S.J.
245 _aDISPENSING FOR PHARMACEUTICAL STUDENTS
260 _aNEW DELHI
_bC.B.S. PUBLISHERS & DISTRUTORS
_c1987
300 _a759
365 _h13%
500 _aTEXT BOOK
501 _aPH
520 _aPB
650 _aPHARMACEUTICS
999 _c766868
_d766868